| 000 | 00540nam a2200181 a 4500 | ||
|---|---|---|---|
| 005 | 20140310183543.0 | ||
| 008 | 110930s19uu xx 00 eng d | ||
| 020 | _a9789710445929 | ||
| 050 |
_aHF 1017 _b.Si621 2011 |
||
| 100 | _aSirug, Winston S. | ||
| 245 |
_aIntroduction to business statistics : _ba comprehensive approach / _cWinston S. Sirug. |
||
| 260 |
_aIntramuros, Manila : _bMindshapers, _c2011. |
||
| 300 |
_a343 p. : _c24 cm. |
||
| 521 | _aBSBA | ||
| 650 | _aBusiness statistics | ||
| 942 |
_cBK _2lcc _kLOC |
||
| 999 |
_c24823 _d24823 |
||